Applied Sociology and Psychology for BSc Nursing Students (Record no. 367402)
[ view plain ]
| 000 -LEADER | |
|---|---|
| fixed length control field | 00493nam a22001817a 4500 |
| 005 - DATE AND TIME OF LATEST TRANSACTION | |
| control field | 20250828121750.0 |
| 008 - FIXED-LENGTH DATA ELEMENTS--GENERAL INFORMATION | |
| fixed length control field | 250822b |||||||| |||| 00| 0 eng d |
| 020 ## - INTERNATIONAL STANDARD BOOK NUMBER | |
| International Standard Book Number | 978-93-49482-47-0 |
| 041 ## - LANGUAGE CODE | |
| Language code of text/sound track or separate title | Eng |
| 082 ## - DEWEY DECIMAL CLASSIFICATION NUMBER | |
| Classification number | SO 301 DUL DB1399 |
| 100 ## - MAIN ENTRY--PERSONAL NAME | |
| Author | Dular Sunil Kumar |
| 110 ## - MAIN ENTRY--CORPORATE NAME | |
| Corporate name or jurisdiction name as entry element | Tyagi Nicky |
| 245 ## - TITLE STATEMENT | |
| Title | Applied Sociology and Psychology for BSc Nursing Students |
| 260 ## - PUBLICATION, DISTRIBUTION, ETC. | |
| Name of publisher, distributor, etc. | Lotus Publishers |
| Date of publication, distribution, etc. | 2025 |
| Place of publication, distribution, etc. | Punjab |
| 300 ## - PHYSICAL DESCRIPTION | |
| Extent | 559p |
| 365 ## - TRADE PRICE | |
| Price amount | Rs.499.00 |
| 942 ## - ADDED ENTRY ELEMENTS (KOHA) | |
| Koha item type | Donated Book |
| Withdrawn status | Lost status | Source of classification or shelving scheme | Damaged status | Not for loan | Home library | Current library | Date acquired | Net Price | Bill number | Total Checkouts | Total Renewals | Full call number | Barcode | Date last seen | Date last checked out | Bill Date | Koha item type | Original Barcode |
|---|---|---|---|---|---|---|---|---|---|---|---|---|---|---|---|---|---|---|
| Dewey Decimal Classification | Smt. Bakul Tambat Institute of Nursing Education | Smt. Bakul Tambat Institute of Nursing Education | 22/08/2025 | 499.00 | IK#2025-26#666 | 6 | 1 | SO 301 DUL DB1399 | BTIN-DB-1399 | 11/03/2026 | 10/03/2026 | 22/08/2025 | Donated Book | DB1399 |